000 00539nam a2200205Ia 4500
005 20250425162117.0
008 250425s9999 xx 000 0 und d
041 _aspa
082 _a621.381535
100 _aJ. QUINET, G. GUTTON
245 0 _aTEORIA Y PRACTICA DE LOS CIRCUITOS DE ELECTRONICA Y DE LOS AMPLIFICADORES
250 _a1A ED.
260 _aEspaƱa
_bPARANINFO
_c1967
260 _aMADRID
650 _aAMPLIFICADORES
650 _aCIRCUITOS ELECTRONICOS
650 _aELECTRONICA
942 _c01
010 _a50632
999 _c222521
_d222521